| 000 | 00574nam a22001937a 4500 | ||
|---|---|---|---|
| 003 | BD-DhJNU | ||
| 005 | 20241212051557.0 | ||
| 008 | 241211b |||||||| |||| 00| 0 eng d | ||
| 020 | _a9789384472290 | ||
| 040 |
_aBD-DhJNU _beng _cBD-DhJNU _dBD-DhJNU |
||
| 082 |
_223 _a372.465 |
||
| 100 | _aNag, Shinjini | ||
| 245 |
_aPedagogy of science teaching life science / _cShinjini Nag and Dr. Subir Nag |
||
| 260 |
_aKolkata : _bRita Book Agency, _c2017. |
||
| 300 |
_a208 [various] p. : _bill. ; _c20 cm. |
||
| 650 | _aLife Science | ||
| 700 | _aNag, Dr. Subir | ||
| 942 |
_2ddc _cBK _n0 |
||
| 999 |
_c991 _d991 |
||